00337nam a2200121Ia 4500008004100000041000800041082001700049100002500066245003900091260004100130300003300171365001100204240624s9999 xx 000 0 und d aeng a658.4092 PIL aPILLAO RADHAKRISHNAN aCHANAKYA S 7 SECRETS OF LEADERSHIP c2014aMumbaibJaico Publishing House axxxvi, : 230 : p. : cm. ; 21 cRSb25